000 00606nam a2200229 i 4500
001 C2-0126347
003 PPAK
005 20180727115504.0
008 970913s1995 my a|||| ||||| | eng d
020 _a9838321702
040 _aPPAK
_beng
_cPPAK
_erda
082 0 4 _a823
_223
090 0 0 _a823
_bKUM
_dK
100 0 _aKumara Velu,
_eauthor
245 1 4 _aThe magic box
264 1 _aKuala Lumpur :
_bPustaka Printis ,
_c1995
300 _a21 pages :
_bcolour illustrations ;
_c21 cm
336 _2rdacontent
_atext
337 _2rdamedia
_aunmediated
338 _2rdacarrier
_avolume
942 _ddc
_cB
999 _c37303
_d37303